[Event "Forcing Moves First Summer-3 U1800"]
[Site "Mississauga CAN"]
[Date "2023.09.24"]
[Round "4.6"]
[White "Kola, Venkat Karthikeya"]
[Black "Cholakis, Max"]
[Result "0-1"]
[WhiteElo "1659"]
[BlackElo "1462"]
[PlyCount "152"]
[EventDate "2023.09.23"]
[EventType "swiss"]
[EventRounds "5"]
[EventCountry "CAN"]

1. e4 d5 2. exd5 Qxd5 3. Nc3 Qd6 4. Nf3 Bg4 5. Bc4 Nf6 6. h3 Bxf3 7. Qxf3 c6 8.
O-O Nbd7 9. Bb3 g6 10. Ne4 Qc7 11. Nxf6+ Nxf6 12. d4 Bg7 13. Bf4 Qd7 14. Rfe1
O-O 15. c3 e6 16. Be5 Nh5 17. Bxg7 Nxg7 18. Rad1 Nf5 19. g4 Ng7 20. Qg3 a5 21.
Bc2 Qd5 22. b3 Rac8 23. Re5 Qd8 24. a4 Qb6 25. h4 Rfd8 26. Rd3 Rd5 27. Rf3 Qc7
28. Rxd5 Qxg3+ 29. Rxg3 cxd5 30. Kf1 Kf8 31. Ke2 Ke7 32. Kd2 Ne8 33. Rg1 Nd6
34. Bd3 Rc6 35. f3 Rb6 36. Kc2 Rc6 37. h5 Rc8 38. hxg6 hxg6 39. Rh1 Kf6 40. Rh7
Kg5 41. Kd2 Kf4 42. Be2 e5 43. dxe5 Kxe5 44. Rh1 b6 45. Rf1 Kf4 46. Rb1 Rh8 47.
b4 Rh2 48. Kd3 Nc4 49. bxa5 bxa5 50. Re1 Nb2+ 51. Kd4 Nxa4 52. Ra1 Rxe2 53.
Rxa4 Rd2+ 54. Kc5+ Kxf3 55. Rxa5 Kxg4 56. Ra6 Kg5 57. Rd6 f5 58. Rxd5 Rxd5+ 59.
Kxd5 f4 60. Ke4 Kg4 61. c4 f3 62. c5 f2 63. c6 f1=Q 64. c7 Qf5+ 65. Kd4 Qc8 66.
Kd5 Qxc7 67. Kd4 Qe7 68. Kc3 Qe4 69. Kb2 Qd3 70. Ka1 Qd2 71. Kb1 Kf3 72. Ka1 g5
73. Kb1 g4 74. Ka1 g3 75. Kb1 g2 76. Ka1 g1=Q# 0-1

[Event "Forcing Moves First Summer-3 U1800"]
[Site "Mississauga CAN"]
[Date "2023.09.24"]
[Round "4.7"]
[White "Hong, Zihan"]
[Black "Dhingra, Tanishq Kumar"]
[Result "0-1"]
[WhiteElo "1519"]
[BlackElo "1502"]
[PlyCount "48"]
[EventDate "2023.09.23"]
[EventType "swiss"]
[EventRounds "5"]
[EventCountry "CAN"]

1. d4 Nf6 2. c4 g6 3. Nc3 Bg7 4. e4 d6 5. Nf3 Nbd7 6. Bd3 O-O 7. O-O e5 8. d5
Nc5 9. Bc2 a5 10. Be3 b6 11. h3 Ne8 12. Nd2 f5 13. f4 exf4 14. Bxf4 fxe4 15.
Ndxe4 Nxe4 16. Bxe4 Nf6 17. Bd3 Nh5 18. Be3 Bd7 19. Qd2 Qh4 20. Ne4 Bf5 21. Bg5
Bd4+ 22. Kh1 Ng3+ 23. Nxg3 Qxg3 24. Bf4 Qxd3 0-1

[Event "Forcing Moves First Summer-3 U1800"]
[Site "Mississauga CAN"]
[Date "2023.09.24"]
[Round "4.8"]
[White "Sekaran, Adithya"]
[Black "Dembla, Shabd"]
[Result "0-1"]
[WhiteElo "1323"]
[BlackElo "1394"]
[PlyCount "93"]
[EventDate "2023.09.23"]
[EventType "swiss"]
[EventRounds "5"]
[EventCountry "CAN"]

1. c4 c5 2. Nf3 b6 3. Nc3 Bb7 4. e3 e6 5. d4 cxd4 6. exd4 Bb4 7. Be2 Ne7 8. O-O
Bxc3 9. bxc3 h6 10. Bf4 d5 11. Rb1 dxc4 12. Bxc4 O-O 13. Ne5 Nd5 14. Bxd5 Qxd5
15. Qf3 Qxf3 16. Nxf3 Bxf3 17. gxf3 Nd7 18. Kh1 Rac8 19. Rb3 Nf6 20. Rg1 g5 21.
h4 Nd5 22. Bd2 Kh8 23. hxg5 hxg5 24. Rxg5 Rc4 25. Rg3 Rfc8 26. f4 a5 27. Kg2 a4
28. Rb2 Nxc3 29. Bxc3 Rxc3 30. Rb4 Rxg3+ 31. Kxg3 b5 32. Rb2 Rc3+ 33. Kg4 a3
34. Rxb5 Rc2 35. Rb8+ Kg7 36. Kf3 Rxa2 37. Rb1 Kf6 38. Ke3 Rb2 39. Ra1 a2 40.
Kf3 Kf5 41. Ke3 Kg4 42. Rg1+ Kh3 43. Ra1 f5 44. Kf3 Kh2 45. Ke3 Kg2 46. f3 Rb3+
47. Ke2 0-1

[Event "Forcing Moves First Summer-3 U1800"]
[Site "Mississauga CAN"]
[Date "2023.09.24"]
[Round "4.9"]
[White "Sreekumar Maliekal, Balakrishnan"]
[Black "Roque, Alexa"]
[Result "1-0"]
[WhiteElo "1398"]
[BlackElo "1326"]
[PlyCount "109"]
[EventDate "2023.09.23"]
[EventType "swiss"]
[EventRounds "5"]
[EventCountry "CAN"]

1. d4 Nf6 2. c4 g6 3. Nc3 Bg7 4. Nf3 O-O 5. Bg5 h6 6. Bh4 d6 7. e3 g5 8. Bg3
Nbd7 9. h3 Nh5 10. Bh2 e5 11. Be2 f5 12. dxe5 dxe5 13. Qd5+ Kh7 14. O-O-O Nhf6
15. Qd2 Qe7 16. Qc2 Qe6 17. g4 Ne4 18. Nxe4 fxe4 19. Qxe4+ Kh8 20. Bd3 Qg8 21.
Nxe5 Nxe5 22. Bxe5 Rxf2 23. Rhf1 Rxf1 24. Rxf1 Bd7 25. Bxg7+ Qxg7 26. Qxb7 Rc8
27. Qxa7 Qe7 28. Qd4+ Kg8 29. Qe4 Qxe4 30. Bxe4 Re8 31. Bd5+ Kh8 32. Rf7 c6 33.
Rxd7 cxd5 34. Kd2 dxc4 35. Rc7 Re4 36. Rd7 Re6 37. Rd4 Rc6 38. Re4 Ra6 39. a3
Rb6 40. Kc2 Rb3 41. Rxc4 Rxe3 42. Rc3 Re6 43. b4 Rb6 44. Rc7 Ra6 45. Kb3 Re6
46. b5 Re3+ 47. Rc3 Re7 48. a4 Rb7 49. Kb4 Kg7 50. a5 Rd7 51. b6 Rd4+ 52. Kb5
Rd5+ 53. Rc5 Rd3 54. Rc7+ Kf8 55. b7 1-0

[Event "Forcing Moves First Summer-3 U1800"]
[Site "Mississauga CAN"]
[Date "2023.09.24"]
[Round "4.10"]
[White "Kang, Richard"]
[Black "Verde, Pino"]
[Result "0-1"]
[WhiteElo "1375"]
[BlackElo "1535"]
[PlyCount "72"]
[EventDate "2023.09.23"]
[EventType "swiss"]
[EventRounds "5"]
[EventCountry "CAN"]

1. d4 Nf6 2. c4 e6 3. Nc3 Be7 4. e4 d6 5. Nf3 c6 6. Bd3 Na6 7. O-O Nc7 8. Be3
Ng4 9. Bd2 h5 10. h3 Nh6 11. Ne1 Ng8 12. f4 e5 13. fxe5 dxe5 14. Qf3 f6 15. Qg3
g5 16. d5 h4 17. Qf3 Nh6 18. Qh5+ Kd7 19. dxc6+ Kxc6 20. Nd5 Ne6 21. b4 b6 22.
b5+ Kb7 23. Qd1 Nc5 24. a4 Be6 25. a5 Qd7 26. a6+ Kb8 27. Be3 Bxd5 28. cxd5 g4
29. Bxh6 Rxh6 30. Qxg4 Qxg4 31. hxg4 Kc7 32. Be2 h3 33. g5 h2+ 34. Kh1 fxg5 35.
Rf7 Nxe4 36. Rc1+ Kd8 0-1

[Event "Forcing Moves First Summer-3 U1800"]
[Site "Mississauga CAN"]
[Date "2023.09.24"]
[Round "4.11"]
[White "Anish, Diganth"]
[Black "Supsup, Ferdinand"]
[Result "1/2-1/2"]
[WhiteElo "1326"]
[BlackElo "1683"]
[PlyCount "23"]
[EventDate "2023.09.23"]
[EventType "swiss"]
[EventRounds "5"]
[EventCountry "CAN"]

1. e4 c5 2. Nf3 e6 3. d4 cxd4 4. Nxd4 Nc6 5. Be3 Nf6 6. Nc3 Qa5 7. Bd3 d5 8.
O-O Bd7 9. Nxc6 bxc6 10. e5 Ng8 11. Ne2 c5 12. Ng3 1/2-1/2

[Event "Forcing Moves First Summer-3 U1800"]
[Site "Mississauga CAN"]
[Date "2023.09.24"]
[Round "5.6"]
[White "Cholakis, Max"]
[Black "Dhingra, Tanishq Kumar"]
[Result "1/2-1/2"]
[WhiteElo "1462"]
[BlackElo "1502"]
[PlyCount "41"]
[EventDate "2023.09.23"]
[EventType "swiss"]
[EventRounds "5"]
[EventCountry "CAN"]

1. e4 e5 2. Nf3 Nf6 3. Nxe5 d6 4. Nf3 Nxe4 5. Nc3 Nxc3 6. dxc3 Be7 7. Bd3 d5 8.
O-O O-O 9. Bf4 c5 10. Re1 Nc6 11. Qd2 h6 12. Re2 Bg4 13. Qe3 a6 14. h3 Bxf3 15.
Qxf3 c4 16. Bf5 d4 17. Qh5 Bg5 18. Bxg5 Qxg5 19. Qxg5 hxg5 20. Be4 dxc3 21.
bxc3 1/2-1/2

[Event "Forcing Moves First Summer-3 U1800"]
[Site "Mississauga CAN"]
[Date "2023.09.24"]
[Round "5.7"]
[White "Dembla, Shabd"]
[Black "Kola, Venkat Karthikeya"]
[Result "0-1"]
[WhiteElo "1394"]
[BlackElo "1659"]
[PlyCount "66"]
[EventDate "2023.09.23"]
[EventType "swiss"]
[EventRounds "5"]
[EventCountry "CAN"]

1. Nf3 c5 2. d3 d5 3. Bf4 e6 4. c3 Bd6 5. Bxd6 Qxd6 6. Nbd2 Nc6 7. e3 Nf6 8.
Be2 O-O 9. O-O e5 10. h3 h6 11. Qa4 Be6 12. Qh4 Ne7 13. Qg3 Ng6 14. Nh4 Nxh4
15. Qxh4 Rfe8 16. e4 d4 17. c4 Rad8 18. f4 exf4 19. Qxf4 Qxf4 20. Rxf4 a6 21.
a4 Nd7 22. Ra3 g5 23. Rf2 Ne5 24. Nf3 Ng6 25. Kh2 Nf4 26. g4 Rb8 27. Bf1 b5 28.
b3 bxc4 29. dxc4 Rb4 30. Nd2 Bd7 31. Kg3 Bc6 32. Kf3 Rb7 33. Ra1 Bxe4+ 0-1

[Event "Forcing Moves First Summer-3 U1800"]
[Site "Mississauga CAN"]
[Date "2023.09.24"]
[Round "5.8"]
[White "Verde, Pino"]
[Black "Hong, Zihan"]
[Result "1/2-1/2"]
[WhiteElo "1535"]
[BlackElo "1519"]
[PlyCount "106"]
[EventDate "2023.09.23"]
[EventType "swiss"]
[EventRounds "5"]
[EventCountry "CAN"]

1. d3 d5 2. Nf3 Nf6 3. Nbd2 Bf5 4. g3 e6 5. Bg2 Nc6 6. O-O Bd6 7. Re1 Be7 8.
Nf1 O-O 9. Bf4 Bd6 10. Bxd6 Qxd6 11. Nh4 Bg6 12. Nxg6 hxg6 13. e4 dxe4 14. dxe4
Qe5 15. c3 Rad8 16. Qe2 Nd7 17. Rad1 Nc5 18. f4 Qf6 19. e5 Qe7 20. Ne3 Rxd1 21.
Rxd1 Rd8 22. h4 Rxd1+ 23. Qxd1 f6 24. b4 Nd7 25. Bxc6 bxc6 26. Nc4 fxe5 27.
fxe5 c5 28. a3 Nb6 29. Na5 cxb4 30. cxb4 Nd5 31. Qd4 Qd7 32. Qd3 Qa4 33. Kf2
Qe8 34. Qf3 Qa4 35. Qd3 Qe8 36. Kg2 Kh8 37. Nb3 Qc6 38. Kh2 Qe8 39. Nc5 Qf7 40.
Kg2 Kg8 41. Qf3 Qe7 42. Ne4 Qe8 43. Nc3 Nxc3 44. Qxc3 Qd7 45. Kh2 Qe7 46. Qc6
Kf7 47. Kh3 Qd8 48. b5 Ke7 49. Qc5+ Ke8 50. Qxa7 Qd5 51. a4 Qh1+ 52. Kg4 Qe4+
53. Kh3 Qh1+ 1/2-1/2

[Event "Forcing Moves First Summer-3 U1800"]
[Site "Mississauga CAN"]
[Date "2023.09.24"]
[Round "5.9"]
[White "Roque, Alexa"]
[Black "Sekaran, Adithya"]
[Result "1/2-1/2"]
[WhiteElo "1326"]
[BlackElo "1323"]
[PlyCount "82"]
[EventDate "2023.09.23"]
[EventType "swiss"]
[EventRounds "5"]
[EventCountry "CAN"]

1. d4 Nf6 2. c4 e6 3. Nf3 b6 4. Nc3 Bb7 5. Bg5 d5 6. cxd5 exd5 7. e3 Be7 8. Bd3
O-O 9. O-O Nbd7 10. h3 h6 11. Bf4 a6 12. a3 c5 13. Re1 c4 14. Be2 b5 15. b3 b4
16. Na4 Rc8 17. Qc2 c3 18. Bd3 bxa3 19. Ne5 Nxe5 20. Bxe5 Bd6 21. Bxd6 Qxd6 22.
Nc5 Rc7 23. Rxa3 Nd7 24. b4 Ra8 25. Rxc3 Qb6 26. Nxb7 Rxc3 27. Qxc3 Qxb7 28.
Rb1 Nf6 29. b5 a5 30. Qc6 Rb8 31. Qa6 Qxa6 32. bxa6 Rxb1+ 33. Bxb1 Nd7 34. Kf1
Kf8 35. Ke1 Ke7 36. Kd2 Kd6 37. Kc3 Kc6 38. Kb3 Kb6 39. Bd3 Nb8 40. Ka4 Nxa6
41. f3 Nc7 1/2-1/2

[Event "Forcing Moves First Summer-3 U1800"]
[Site "Mississauga CAN"]
[Date "2023.09.24"]
[Round "5.10"]
[White "Sreekumar Maliekal, Balakrishnan"]
[Black "Anish, Diganth"]
[Result "0-1"]
[WhiteElo "1398"]
[BlackElo "1326"]
[PlyCount "58"]
[EventDate "2023.09.23"]
[EventType "swiss"]
[EventRounds "5"]
[EventCountry "CAN"]

1. d4 Nf6 2. c4 e6 3. Nf3 d5 4. cxd5 exd5 5. g3 Nc6 6. Bg2 Bd6 7. O-O h6 8. Nc3
Be6 9. Nb5 O-O 10. Nxd6 Qxd6 11. Bf4 Qe7 12. Rc1 Rac8 13. Ne5 Nxe5 14. dxe5 Nh7
15. Qb3 c6 16. Be3 d4 17. Qd3 dxe3 18. Qxe3 Rfd8 19. a3 Bf5 20. f4 f6 21. Qxa7
fxe5 22. fxe5 Rf8 23. Rxc6 Rxc6 24. Bxc6 Qxe5 25. Qxb7 Qe3+ 26. Rf2 Bh3 27.
Bd5+ Kh8 28. Bf7 Qc1+ 29. Rf1 Qxf1# 0-1

[Event "Forcing Moves First Summer-3 U1800"]
[Site "Mississauga CAN"]
[Date "2023.09.24"]
[Round "5.11"]
[White "Kang, Richard"]
[Black "Welch, Ethan"]
[Result "1-0"]
[WhiteElo "1375"]
[BlackElo "1281"]
[PlyCount "112"]
[EventDate "2023.09.23"]
[EventType "swiss"]
[EventRounds "5"]
[EventCountry "CAN"]

1. d4 Nf6 2. c4 b6 3. Nc3 Bb7 4. Nf3 d5 5. e3 e6 6. cxd5 Nxd5 7. Bb5+ c6 8. Bc4
Nxc3 9. bxc3 c5 10. Bb5+ Bc6 11. Bxc6+ Nxc6 12. Qa4 Qd7 13. Ba3 Rd8 14. O-O
cxd4 15. Bxf8 Kxf8 16. cxd4 g6 17. Rac1 Ne7 18. Qa3 Kg7 19. Ne5 Qb7 20. Nc4 Nf5
21. Qb2 f6 22. Qe2 h5 23. f4 h4 24. Rf3 Qe4 25. Nd2 Nxd4 26. Rc7+ Kf8 27. Nxe4
Nxe2+ 28. Kf2 f5 29. Ng5 Rd2 30. Nxe6+ Ke8 31. Ke1 Rxa2 32. Rf2 h3 33. Rc8+ Ke7
34. Rxh8 Kxe6 35. gxh3 Nc3 36. Rxa2 Nxa2 37. Rg8 Kd5 38. Rxg6 Nb4 39. Kd2 Kc4
40. h4 a5 41. Rxb6 a4 42. Rb8 Kb3 43. h5 a3 44. Ra8 Nd5 45. h6 Nf6 46. Kc1 Ka2
47. Ra7 Ng4 48. h7 Nf2 49. h8=Q Nd3+ 50. Kc2 Nb4+ 51. Kd2 Nc2 52. Rxa3+ Nxa3
53. Qa8 Kb1 54. Qb7+ Ka2 55. Qf7+ Ka1 56. Qxf5 Ka2 1-0

[Event "Forcing Moves First Summer-3 op"]
[Site "Mississauga CAN"]
[Date "2023.09.23"]
[Round "1.1"]
[White "Sreekumar, Gauri"]
[Black "Ruchinskaya, Valerie"]
[Result "0-1"]
[WhiteElo "1751"]
[BlackElo "2186"]
[PlyCount "66"]
[EventDate "2023.09.23"]
[EventType "swiss"]
[EventRounds "5"]
[EventCountry "CAN"]

1. d4 d5 2. c4 c6 3. Nf3 Nf6 4. e3 Bf5 5. Nc3 e6 6. Nh4 Bg6 7. Be2 Nbd7 8. Nxg6
hxg6 9. Bd2 Bd6 10. h3 Qe7 11. Qc2 Rc8 12. g4 dxc4 13. Bxc4 Nxg4 14. Be2 Ngf6
15. e4 Bb4 16. Bg5 e5 17. O-O-O O-O 18. dxe5 Qxe5 19. f4 Qa5 20. Kb1 Nc5 21.
Bxf6 gxf6 22. f5 Bxc3 23. bxc3 Qa4 24. fxg6 Qxc2+ 25. Kxc2 fxg6 26. Rhg1 Kh7
27. Rg4 Rce8 28. Bc4 Re7 29. Bd3 Rd8 30. e5 Rxd3 31. exf6 Re2+ 32. Kc1 Rxd1+
33. Kxd1 Rf2 0-1

[Event "Forcing Moves First Summer-3 op"]
[Site "Mississauga CAN"]
[Date "2023.09.23"]
[Round "1.2"]
[White "Kim, Noah"]
[Black "Deshpande, Sarthak"]
[Result "1/2-1/2"]
[WhiteElo "2109"]
[BlackElo "1720"]
[PlyCount "96"]
[EventDate "2023.09.23"]
[EventType "swiss"]
[EventRounds "5"]
[EventCountry "CAN"]

1. d4 d5 2. Nc3 Nf6 3. Bf4 a6 4. e3 g6 5. Nf3 Bg7 6. Be2 O-O 7. O-O b6 8. Ne5
Bb7 9. Bf3 a5 10. Ne2 Ne4 11. c4 f6 12. Nd3 dxc4 13. Ne1 e5 14. dxe5 Qxd1 15.
Rxd1 fxe5 16. Bg5 Bc6 17. Bh4 Bf6 18. Ng3 Nc5 19. Bxf6 Rxf6 20. Rc1 e4 21. Be2
b5 22. Nc2 Nd3 23. Rb1 Bb7 24. Na3 Rb6 25. Rfd1 Na6 26. b3 cxb3 27. Rxb3 Nab4
28. f3 Nc5 29. Rc3 exf3 30. gxf3 Nca6 31. Nxb5 Nd5 32. Ra3 Nab4 33. e4 Nf4 34.
Bc4+ Kf8 35. Rd7 Rc6 36. Rf7+ Kg8 37. Rxc7+ Kf8 38. Rf7+ Kg8 39. Bb3 Rc1+ 40.
Nf1 a4 41. Rxb7+ Kh8 42. Rxa4 Rxa4 43. Bxa4 Nbd3 44. Nd6 Nh3+ 45. Kg2 Ndf4+ 46.
Kg3 Rxf1 47. Nf7+ Kg8 48. Nh6+ Kh8 1/2-1/2

[Event "Forcing Moves First Summer-3 op"]
[Site "Mississauga CAN"]
[Date "2023.09.23"]
[Round "1.3"]
[White "Tenkov, Arkadii"]
[Black "Bordas, Gyula"]
[Result "1/2-1/2"]
[WhiteElo "1717"]
[BlackElo "1932"]
[PlyCount "38"]
[EventDate "2023.09.23"]
[EventType "swiss"]
[EventRounds "5"]
[EventCountry "CAN"]

1. e4 Nc6 2. Nf3 e5 3. Bb5 a6 4. Ba4 Nf6 5. O-O Be7 6. Re1 b5 7. Bb3 O-O 8. c3
d5 9. exd5 Nxd5 10. d4 exd4 11. Nxd4 Nxd4 12. Qxd4 Bb7 13. Be3 c5 14. Qd2 Bd6
15. Bxd5 Bxd5 16. Rd1 Bxh2+ 17. Kxh2 Qh4+ 18. Kg1 Bxg2 19. Kxg2 Qg4+ 1/2-1/2

[Event "Forcing Moves First Summer-3 op"]
[Site "Mississauga CAN"]
[Date "2023.09.23"]
[Round "1.4"]
[White "Lakhani, Riyaan"]
[Black "Park, Haneul"]
[Result "1-0"]
[WhiteElo "1857"]
[BlackElo "1707"]
[PlyCount "81"]
[EventDate "2023.09.23"]
[EventType "swiss"]
[EventRounds "5"]
[EventCountry "CAN"]

1. d4 d5 2. c4 c6 3. Nf3 Nf6 4. e3 e6 5. Nc3 Nbd7 6. Qc2 Bd6 7. Bd3 dxc4 8.
Bxc4 b5 9. Be2 Bb7 10. O-O a6 11. e4 e5 12. dxe5 Nxe5 13. Nh4 Bc8 14. f4 Bc5+
15. Kh1 Nfg4 16. g3 Qd4 17. Nf5 Bxf5 18. exf5 Nf2+ 19. Kg2 b4 20. fxe5 bxc3 21.
Qxc3 Qxc3 22. bxc3 O-O 23. Rxf2 Bxf2 24. Kxf2 Rfe8 25. e6 fxe6 26. fxe6 Kh8 27.
Bc4 Rab8 28. Ba3 Rbd8 29. Re1 Rd2+ 30. Re2 Rd1 31. e7 Rh1 32. Kg2 Rd1 33. Rf2
Rdd8 34. exd8=Q Rxd8 35. Rf8+ Rxf8 36. Bxf8 c5 37. Kf3 h5 38. Ke4 h4 39. Kf5
hxg3 40. Kg6 gxh2 41. Bxg7# 1-0

[Event "Forcing Moves First Summer-3 op"]
[Site "Mississauga CAN"]
[Date "2023.09.23"]
[Round "1.5"]
[White "Russell, Wesley"]
[Black "Deepak, Laksshana"]
[Result "1-0"]
[WhiteElo "1706"]
[BlackElo "1766"]
[PlyCount "85"]
[EventDate "2023.09.23"]
[EventType "swiss"]
[EventRounds "5"]
[EventCountry "CAN"]

1. e4 c5 2. c3 e6 3. d4 d5 4. exd5 Qxd5 5. Nf3 Nf6 6. Be2 cxd4 7. cxd4 Be7 8.
Nc3 Qd8 9. O-O O-O 10. Ne5 Nbd7 11. Bf4 Nb6 12. Rc1 Nfd5 13. Bg3 Bg5 14. Ra1
Bd7 15. Ne4 Be7 16. Nc5 Bc6 17. Nxc6 bxc6 18. Ba6 Nc7 19. Bb7 Rb8 20. Bxc6 f5
21. Bxc7 Qxc7 22. Qf3 Bxc5 23. dxc5 Nc4 24. Qe2 Qxc6 25. Qxc4 Rxb2 26. Rfe1 Kf7
27. Rad1 Rc8 28. Re5 g6 29. h3 Rc7 30. Qh4 h5 31. Rd6 Qe8 32. Qd4 Rb1+ 33. Kh2
Re7 34. c6 Qb8 35. Rdxe6 Rxe6 36. Qd7+ Kf8 37. Qxe6 Re1 38. Qe7+ Kg8 39. c7
Rh1+ 40. Kxh1 Qb1+ 41. Kh2 Qc1 42. Qe6+ Kg7 43. c8=Q 1-0

[Event "Forcing Moves First Summer-3 op"]
[Site "Mississauga CAN"]
[Date "2023.09.23"]
[Round "2.1"]
[White "Ruchinskaya, Valerie"]
[Black "Lakhani, Riyaan"]
[Result "0-1"]
[WhiteElo "2186"]
[BlackElo "1857"]
[PlyCount "122"]
[EventDate "2023.09.23"]
[EventType "swiss"]
[EventRounds "5"]
[EventCountry "CAN"]

1. d4 g6 2. e4 Bg7 3. c4 d6 4. Nc3 Nc6 5. Be3 e5 6. d5 Nce7 7. Bd3 f5 8. f3 Nf6
9. Rc1 c5 10. dxc6 bxc6 11. c5 d5 12. exd5 Nexd5 13. Bg5 h6 14. Nxd5 Qxd5 15.
Be3 Be6 16. Bb1 Qxd1+ 17. Rxd1 Nd5 18. Bf2 Rb8 19. b3 Kf7 20. Ne2 Rhd8 21. O-O
Bf8 22. Rc1 Be7 23. Rfe1 Bg5 24. Rcd1 Rb5 25. h4 Be7 26. Rc1 Bf6 27. Nc3 Nxc3
28. Rxc3 Bd5 29. Rcc1 h5 30. Bg3 Re8 31. Re2 Rb7 32. Bd3 Rb4 33. Ba6 e4 34.
fxe4 Rbxe4 35. Rxe4 Rxe4 36. Bb8 Bd4+ 37. Kf1 Rxh4 38. Ke2 Rg4 39. Bxa7 Rxg2+
40. Kd3 Rxa2 41. Kxd4 Rxa6 42. Bb8 Ra8 43. Bd6 Bxb3 44. Rb1 Ra4+ 45. Ke3 Bd5
46. Rb7+ Kf6 47. Be7+ Ke6 48. Bd8 f4+ 49. Kf2 Ra2+ 50. Kg1 Kf5 51. Rg7 Re2 52.
Be7 Be4 53. Bd6 Kg4 54. Rf7 Bf5 55. Ra7 h4 56. Ra4 g5 57. Ra3 h3 58. Ra4 Rd2
59. Be5 Kg3 60. Ra3+ Rd3 61. Rxd3+ Bxd3 0-1

[Event "Forcing Moves First Summer-3 op"]
[Site "Mississauga CAN"]
[Date "2023.09.23"]
[Round "2.2"]
[White "Bordas, Gyula"]
[Black "Russell, Wesley"]
[Result "1-0"]
[WhiteElo "1932"]
[BlackElo "1706"]
[PlyCount "103"]
[EventDate "2023.09.23"]
[EventType "swiss"]
[EventRounds "5"]
[EventCountry "CAN"]

1. e4 c6 2. d4 d5 3. Nd2 dxe4 4. Nxe4 Nf6 5. Nxf6+ exf6 6. Nf3 Bd6 7. Bd3 O-O
8. O-O Nd7 9. c4 Re8 10. Qc2 Nf8 11. Nh4 g6 12. Bd2 Bg4 13. h3 f5 14. g3 Bxh3
15. Ng2 Bxg2 16. Kxg2 f4 17. c5 Bc7 18. gxf4 Ne6 19. Bc4 Nxd4 20. Qc3 Nf5 21.
Rh1 Qd4 22. Bxf7+ Kxf7 23. Rxh7+ Kg8 24. Qxd4 Nxd4 25. Rxc7 Ne6 26. Rxb7 Nxc5
27. Rc7 Ne4 28. Be3 Rec8 29. Rxc8+ Rxc8 30. Kf3 Nd6 31. Rc1 Nf5 32. Rc5 Kf7 33.
Ra5 Nxe3 34. Rxa7+ Ke6 35. fxe3 Rb8 36. b3 Kd5 37. Rg7 Ra8 38. Rxg6 Rxa2 39.
e4+ Kc5 40. Rg3 Ra3 41. Kg4 Kd4 42. Kf5 c5 43. e5 c4 44. e6 cxb3 45. e7 b2 46.
Rg1 Ra1 47. e8=Q Rxg1 48. Qe5+ Kd3 49. Qxb2 Kc4 50. Qe2+ Kd5 51. Qe4+ Kc5 52.
Qe3+ 1-0

[Event "Forcing Moves First Summer-3 op"]
[Site "Mississauga CAN"]
[Date "2023.09.23"]
[Round "2.3"]
[White "Deshpande, Sarthak"]
[Black "Tenkov, Arkadii"]
[Result "0-1"]
[WhiteElo "1720"]
[BlackElo "1717"]
[PlyCount "172"]
[EventDate "2023.09.23"]
[EventType "swiss"]
[EventRounds "5"]
[EventCountry "CAN"]

1. d4 Nf6 2. c4 e6 3. g3 Be7 4. Bg2 d5 5. Nf3 O-O 6. Qc2 b6 7. cxd5 exd5 8. Nc3
Bb7 9. O-O Nbd7 10. Bf4 c6 11. Rfe1 Re8 12. a3 Bf8 13. Rad1 h6 14. b4 Rc8 15.
Qd2 b5 16. Qc2 a5 17. Rb1 axb4 18. axb4 Ra8 19. Ne5 Nxe5 20. Bxe5 Nd7 21. Bf4
Nb6 22. Qb3 Nc4 23. Ra1 Qb6 24. Be3 Rxa1 25. Rxa1 Nxe3 26. fxe3 Rxe3 27. Rd1
Qd8 28. Qb2 Qd6 29. Na2 Qe7 30. Rd2 h5 31. Kf2 h4 32. g4 Re6 33. h3 g6 34. Rd3
Qd6 35. Qd2 Bc8 36. Kg1 Kh7 37. Rf3 Qe7 38. Bf1 Bh6 39. Qd1 Re4 40. Qc2 Be3+
41. Kh1 Bd7 42. Qc5 Bxd4 43. Qc2 Kh8 44. Qd3 Qg5 45. Bg2 Rf4 46. Qd2 Be5 47.
Qe3 Qf6 48. Nc1 Rxf3 49. Bxf3 Bf4 50. Qg1 Bxc1 51. Qxc1 Qe7 52. Qf4 Kg7 53. Kg2
Qf6 54. Qd2 Qe5 55. Qe1 Qd4 56. Kh2 Be6 57. Kg2 g5 58. Kh1 f6 59. Qb1 Bf7 60.
Qe1 Bg6 61. e3 Qc4 62. Bg2 Be4 63. Bxe4 Qxe4+ 64. Kh2 Qc2+ 65. Kg1 c5 66. bxc5
Qxc5 67. Qd2 b4 68. Kf2 b3 69. Ke2 Qc2 70. Qxc2 bxc2 71. Kd2 f5 72. gxf5 g4 73.
hxg4 h3 74. Kxc2 h2 75. Kd3 h1=Q 76. Kd4 Qe4+ 77. Kc5 Kf6 78. Kd6 Qxe3 79. Kxd5
Qf3+ 80. Kd6 Qxg4 81. Kc7 Qxf5 82. Kb8 Qd7 83. Ka8 Ke6 84. Kb8 Kd6 85. Ka8 Kc6
86. Kb8 Qb7# 0-1

[Event "Forcing Moves First Summer-3 op"]
[Site "Mississauga CAN"]
[Date "2023.09.23"]
[Round "2.4"]
[White "Deepak, Laksshana"]
[Black "Kim, Noah"]
[Result "0-1"]
[WhiteElo "1766"]
[BlackElo "2109"]
[PlyCount "88"]
[EventDate "2023.09.23"]
[EventType "swiss"]
[EventRounds "5"]
[EventCountry "CAN"]

1. d4 Nf6 2. Bf4 g6 3. Nf3 Bg7 4. c3 O-O 5. Nbd2 d6 6. e4 c5 7. Be2 b6 8. O-O
Bb7 9. d5 Nh5 10. Bg5 h6 11. Be3 Ba6 12. Bxa6 Nxa6 13. Qe2 Nc7 14. Nc4 Nf6 15.
Bf4 b5 16. Na3 Rb8 17. Rad1 a5 18. Nc2 b4 19. cxb4 axb4 20. Qc4 Nd7 21. Qb3 Nb6
22. Ne3 Qd7 23. e5 Rfd8 24. Qc2 Ra8 25. e6 Qe8 26. Qb3 g5 27. Bxg5 hxg5 28.
Nxg5 fxe6 29. Qc2 Qh5 30. f4 Rxa2 31. Rf3 Rxb2 32. Qe4 Re2 33. Rh3 Rxe3 34.
Rxe3 Qxd1+ 35. Kf2 b3 36. Rd3 Bd4+ 37. Kg3 Qh5 38. Rxb3 Nbxd5 39. h4 Nf6 40.
Qb7 Qg4+ 41. Kh2 Qxf4+ 42. Kh3 Be5 43. g3 Qf1+ 44. Kh2 Ng4# 0-1

[Event "Forcing Moves First Summer-3 op"]
[Site "Mississauga CAN"]
[Date "2023.09.23"]
[Round "2.5"]
[White "Park, Haneul"]
[Black "Sreekumar, Gauri"]
[Result "1-0"]
[WhiteElo "1766"]
[BlackElo "1751"]
[PlyCount "89"]
[EventDate "2023.09.23"]
[EventType "swiss"]
[EventRounds "5"]
[EventCountry "CAN"]

1. d4 Nf6 2. c4 g6 3. Nc3 Bg7 4. e4 d6 5. Nf3 O-O 6. Be2 e5 7. O-O Nc6 8. d5
Ne7 9. Ne1 Ne8 10. Be3 f5 11. f3 Nf6 12. c5 Bd7 13. Rc1 Nh5 14. cxd6 cxd6 15.
Nb5 Bxb5 16. Bxb5 fxe4 17. fxe4 Qa5 18. Bc4 Nf4 19. g3 Nh5 20. Qg4 Rxf1+ 21.
Bxf1 Qd8 22. Qe6+ Kh8 23. Bg5 Qb6+ 24. Kh1 Qf2 25. Nd3 Qf3+ 26. Bg2 Qxd3 27.
Bxe7 Rg8 28. Bxd6 Qd2 29. Rf1 Qxb2 30. Bc7 Qxa2 31. Bxe5 a5 32. Bxg7+ Nxg7 33.
Qe7 Qc4 34. d6 Qc8 35. d7 Qd8 36. Qd6 a4 37. Bh3 b5 38. Rc1 Qa5 39. Qc7 Qd2 40.
e5 a3 41. e6 Qd5+ 42. Bg2 Qxe6 43. d8=Q a2 44. Qd4 Re8 45. Qcxg7# 1-0

[Event "Forcing Moves First Summer-3 op"]
[Site "Mississauga CAN"]
[Date "2023.09.23"]
[Round "3.1"]
[White "Lakhani, Riyaan"]
[Black "Tenkov, Arkadii"]
[Result "1/2-1/2"]
[WhiteElo "1857"]
[BlackElo "1717"]
[PlyCount "110"]
[EventDate "2023.09.23"]
[EventType "swiss"]
[EventRounds "5"]
[EventCountry "CAN"]

1. d4 Nf6 2. c4 e6 3. g3 Be7 4. Bg2 O-O 5. Nc3 d5 6. Nf3 b6 7. cxd5 exd5 8. O-O
Bb7 9. Bf4 Nbd7 10. Nb5 c6 11. Nd6 Bxd6 12. Bxd6 Re8 13. Bf4 Qe7 14. Re1 Ne4
15. Nd2 Ndf6 16. f3 Nxd2 17. Bxd2 c5 18. e3 cxd4 19. exd4 Qd7 20. Bf1 Rxe1 21.
Bxe1 h5 22. Rc1 Rc8 23. Rxc8+ Qxc8 24. Qa4 a6 25. Qb3 b5 26. a4 bxa4 27. Qxa4
Qe6 28. Bf2 Qb6 29. b4 g6 30. Qa5 Qd6 31. Be3 Qc6 32. Qc5 Qe6 33. Bf4 Ne8 34.
Kf2 Bc8 35. h4 Bb7 36. Bb8 Qd7 37. Qb6 Qc8 38. Be5 Qc2+ 39. Be2 Qc8 40. Bd3 Qc3
41. Bxa6 Bxa6 42. Qxa6 Qxb4 43. Qd3 Qb2+ 44. Kg1 Qc1+ 45. Kg2 Qc6 46. g4 Nf6
47. g5 Ne8 48. Qe3 Ng7 49. Bxg7 Kxg7 50. Qe5+ Kg8 51. Kg3 Qd7 52. Qb8+ Kg7 53.
Qe5+ Kg8 54. Qf6 Qc7+ 55. Qf4 Qd7 1/2-1/2